000 00220 a2200109 4500
001 66243
040 _cAnchieta - Pituba
240 1 0 _aFormatura 2014
_l
245 1 0 _aFormatura 2014
650 4 _aGeneralidades
942 _cMX
999 _c66243
_d66243